|
|
|
|
| LEADER |
01469nam a2200385 a 4500 |
| 001 |
000826160 |
| 003 |
CZ BrMZK |
| 005 |
20201027105620.0 |
| 007 |
ta |
| 008 |
060918s2006 xo erp 000 0 slo |
| 020 |
|
|
|a 80-223-2158-3
|q (brož.)
|
| 040 |
|
|
|a BOA001
|b cze
|
| 072 |
|
7 |
|a 811.162
|x Západoslovanské jazyky
|2 Konspekt
|9 11
|
| 072 |
|
7 |
|a 37.016
|x Učební osnovy. Vyučovací předměty. Učebnice
|2 Konspekt
|9 22
|
| 080 |
|
|
|a 811.162.4’271.12
|2 MRF
|
| 080 |
|
|
|a 81'0
|2 MRF
|
| 080 |
|
|
|a (075.8)
|2 MRF
|
| 100 |
1 |
|
|a Krajčovič, Rudolf,
|d 1927-2014
|7 mzk2002142213
|4 aut
|
| 245 |
1 |
0 |
|a Dejiny spisovnej slovenčiny /
|c Rudolf Krajčovič, Pavol Žigo
|
| 250 |
|
|
|a 2., nezmen. vyd.
|
| 260 |
|
|
|a Bratislava :
|b Vydavateľstvo UK,
|c 2006
|
| 300 |
|
|
|a 249 s. ;
|c 21 cm
|
| 500 |
|
|
|a Nad názvem: Filozofická fakulta Univerzity Komenského
|
| 500 |
|
|
|a 400 výt.
|
| 504 |
|
|
|a Obsahuje bibliografii
|
| 541 |
|
|
|a Bratislava, Centrum vedecko-technických informácií SR
|
| 650 |
0 |
7 |
|a spisovná slovenština
|7 ph125912
|2 czenas
|
| 650 |
0 |
7 |
|a vývoj jazyka
|7 ph187610
|2 czenas
|
| 655 |
|
7 |
|a učebnice vysokých škol
|7 fd133772
|2 czenas
|
| 700 |
1 |
|
|a Žigo, Pavol,
|d 1953-
|7 mzk2003175518
|4 aut
|
| 710 |
2 |
|
|a Univerzita Komenského v Bratislave.
|b Filozofická fakulta
|7 kn20010710358
|
| 910 |
|
|
|a BOA001
|b 2-1174.670
|
| 990 |
|
|
|a BK
|
| 991 |
|
|
|b 200610
|c NOV
|
| 996 |
7 |
|
|b 2610290597
|c 2-1174.670
|l MZK
|r Sklad / do 1 hodiny
|n 16
|p vým
|w 000826160
|u 000010
|a 1
|e BOA001
|j MZK50
|s A
|